| 000 | 00503nam a2200205Ia 4500 | ||
|---|---|---|---|
| 005 | 20240823022240.0 | ||
| 008 | 240823s9999||||xx |||||||||||||| ||und|| | ||
| 020 | _a81-259-0904-4 | ||
| 041 | _aENGLISH | ||
| 082 | _A657.046 P1 | ||
| 100 | _aMaheswari S N | ||
| 245 | 0 | _aAdvanced Accountancy Vol 2 | |
| 250 | _a8th | ||
| 260 |
_c2001 _b"Vikas Pub.,New " _aNew Delhi |
||
| 500 | _aYES | ||
| 650 |
_aAccountancy _bManagement Studies |
||
| 700 | _a Maheswari S K | ||
| 942 | _cBK | ||
| 999 |
_c178710 _d178710 |
||